000 06263nam a2200433Ia 4500
003 OSt
005 20260622154603.0
008 2310s2022 ua a frm 000 engnd d
040 _aEG-EULC
_beng
_cEG-EULC
_dEG-EULC
_erda
041 0 _aeng
_beng
_bara
049 _aDeposit
082 _a610
092 _a610
_221
097 _aPh.D
099 _aCai01.11.01.Ph.D.2022.Is.C
100 _aIsmail Fathy Ahmed Mohammed,
_epreparation.
245 _aComparison of ultrasound-based measures of inferior vena cava and internal jugular vein for prediction of hypotension during induction of general anesthesia
_cby Ismail Fathy Ahmed Mohammed; Supervised Prof.Dr.Yasser Mohammed Elhalafawy,Prof.Dr.Dina Zakaria Mohammed, Prof.Dr.Dalia Khaled Ismail.
246 _aمقارنة قياسات الوريد الأجوف السفلي والوريد الوداجي الداخلي باستخدام الموجات الصوتية لتوقع انخفاض ضغط الدم أثناء التخدير الكلي
264 0 _c2022.
300 _a42 p. :
_billustrations ;
_c25cm+
_eCD
336 _2rda content
_atext
337 _2rdamedia
_aUnmediated
338 _2rdacarrier
_avolume
502 _aThesis (M.Sc.)-Cairo University- Faculty of Medicine - Department of Surgical ICU and Pain Management
504 _aBibliography: p. 36-40.
520 3 _aHypotension with general anesthesia induction a frequent event in routine practice(1). Even a short duration of hypotension may lead to tissue hypoperfusion and predispose to postoperative complications (2). Intra-operative hypotension is associated with renal injury, ischemic stroke, myocardial injury and postoperative mortality (3–7). Underlying hypovolemia is an important and modifiable risk factor for hypotension after anesthetics administration(11,12). Ultrasonographic studies of the inferior vena cava (IVC) (11,16) and the internal jugular vein (IJV) (17,18) for evaluation of intravascular volume status and prediction of hypotension during induction of general anesthesia have been established. The present study was designed to compare, on ultrasound-based measures, between inferior vena cava and internal jugular vein for prediction of prolonged hypotension during induction of general anesthesia. The study was conducted at Kasr Al-Ainy hospital, Cairo University in Patients undergoing elective non-cardiac surgery under general anesthesia. One-hundred and sixty three patients were screened for eligibility, 6 patients were excluded for not fulfilling the inclusion criteria, 14 patients were excluded due to poor visualization of IVC, 10 patients were excluded for prolonged airway instrumentation during intubation and 133 patients were included and were available for the final analysis. Our study demonstrated that ultrasonographic scanning of the IJV change rate preoperatively can predict prolonged post-induction hypotension as well as severe post- induction hypotension and its predictive value is moderate. On the other hand, none of IVC parameters (CI, dIVCmax & dIVCmin) showed a reliable accuracy in prediction of prolonged or severe post-induction hypotension
520 3 _aيعد انخفاض ضغط الدم مع التخدير الكلي حدثاً شائعاً ؛ وقد يتسبب في أضرار بالقلب والكلى والمخ ومضاعفات قد تصل إلى الوفاة بعد العمليات الجراحية حتى لو كان انخفاض الضغط لفترات قصيرة ؛ كما يعد نقص السوائل بالدم أحد أهم أسباب انخفاض ضغط الدم مع التخدير الكلي والتي يمكن معالجتها ، وقد تم إجراء دراسات على قياسات الوريد الأجوف السفلي والوريد الوداجي الداخلي باستخدام الموجات فوق الصوتية في تقدير كمية السوائل بالدم وفي توقع انخاض ضغط الدم مع التخدير الكلي .تم تصميم الدراسة الحالية لمقارنة قياسات الوريد الأجوف السفلي والوريد الوداجي الداخلي بالموجات فوق الصوتية في توقع انخفاض ضغط الدم المطول مع التخدير الكلي ، وقد تم إجراء الدراسة في مستشفى القصر العيني بجامعة القاهرة على المرضى الخاضعين للعمليات الغير قلبية والغير طارئة تحت التخدير الكلي .فَحص مئة وثلاثة وستين (163) مريض لتحديد إمكانية إجراء الدراسة عليهم واستبعد منهم ستة (6) مرضى لعدم استيفاءهم شروط الدراسة كما استبعد أربعة عشر )14) مريض لصعوبة فحص الوريد الأجوف السفلي بالموجات فوق الصوتية وكذلك عشرة (10) مرضى بسبب طول مدة وضع الانبوبة الحنجرية ، وتم إجراء الدراسة على المئة وثلاثة وثلاثين (133) مريض المتبقين .أظهرت الدراسة أن معدل تغير الوريد الوداجي الداخلي بالموجات فوق الصوتية بمقدوره توقع انخفاض ضغط الدم مع التخدير الكلي وكذلك توقع الانخفاض الشديد لضغط الدم وأنه ذات قيمة تنبؤية متوسطة ؛ أما بالنسبة للوريد الأجوف السفلي فقد أظهرت الدراسة أنه لا يمكن لأي من قياساته توقع انخفاض ضغط الدم مع التخدير الكلي .
530 _aIssues also as CD.
546 _aText in English and abstract in Arabic & English.
650 _aSurgical ICUand Pain Management
653 _aUltrasound
700 _aYasser Mohammed Elhalafawy
_ethesis advisor.
700 _aDina Zakaria Mohammed
_ethesis advisor.
700 _aDalia Khaled Ismail
_ethesis advisor.
900 _b01-01-2022
_cYasser Mohammed Elhalafawy
_cDina Zakaria Mohammed
_cDalia Khaled Ismail
_UCairo University
_FFaculty of Medicine
_DDepartment of Surgical ICU and Pain Management
905 _aShimaa
942 _cTH
_2ddc
999 _c163794